Statistiques concernant Culture Générale - Série 730

Cliquez ici pour prendre le quiz!

Statistiques générales

  • Ce quiz a été pris 137 fois
  • Le résultat moyen est 7 sur 10

Statistiques - réponses

QuestionRéponse% Correct
Sur quel continent se situe le lac Victoria découvert en 1858 ?Afrique
97%
Quel port, chef-lieu de canton de l'Hérault, est l'homonyme d'un chiffre ?Sète
87%
Quel arachnide a donné son nom à un morceau apprécié de viande de boeuf, sillonné de nervures ?araignée
80%
En quelle année eut lieu le sacre de Charlemagne ?800
78%
Quelle est la capitale de l'Irlande du Nord ?Belfast
74%
Quelle petite fleur est une spécialité de Toulouse lorsqu'elle est cristallisée dans un sirop sucré ?violette
71%
Complétez le titre du film réalisé en 1976 par Nagisa Ôshima, "L'Empire des ...sens
70%
En 1971, à quel grand groupe britannique de rock doit-on le tube : "Brown Sugar" ?Les Rolling Stones
54%
Complétez le titre du roman d'Alphonse Daudet, "Le petit ...chose
53%
Quelle plante à fleurs composées bleues possède une variété dont la racine est torréfiée pour fabriquer un substitut de café ?chicorée
36%

Distribution des résultats

Percentile par nombre de réponses

% des personnes avec chaque résultat

Votre développement - résultats

Vous n’avez pas pris ce quiz